| 000 | 00335nam a2200109Ia 4500 | ||
|---|---|---|---|
| 008 | 231129s9999||||xx |||||||||||||| ||spa|| | ||
| 082 | _aCo863 H557e | ||
| 100 | _aHernández Juan C. | ||
| 245 | 0 | _aEscenas y leyendas del páramo | |
| 264 | _aTunja Colombia : Universidad Pedagógica y Tecnológica de Colombia UPTC | ||
| 942 |
_2ddc _cBKS |
||
| 999 |
_c13315 _d13315 |
||